00457nam a22001577a 450000500170000001000150001702000300003203500140006203700130007608200110008910000180010024500640011826000400018227000580022230000190028020220901164959.0 aENG-134853 c120.00a978-93-80657-31-8 aEN-118385 bDBAD/PUB a616.07 aP. Ramalakhmi aMedical lab technique & bio-instrumentation/cP. Ramalakhmi aMaduraibShanlax Publicationsc2010 bMaduraie625003a61, T.P.K. Main Road, Vasantha Nagar a218pc21cm(pb)